Proyecto TCP/RLA/0065 (Registro nro. 26597)

Detalles MARC
000 -CABECERA
Longitud fija campo de control 01061nam a22001937a 4500
003 - IDENTIFICADOR DELl NÚMERO DE CONTROL
Identificador del número de control OSt
005 - FECHA Y HORA DE LA ÚLTIMA TRANSACCIÓN
Fecha y hora de la última transacción 20161117134140.0
008 - CÓDIGOS DE INFORMACIÓN DE LONGITUD FIJA
Códigos de información de longitud fija 161117b xxu||||| |||| 00| 0 eng d
040 ## - FUENTE DE LA CATALOGACIÓN
Centro transcriptor CRI
082 ## - NÚMERO DE LA CLASIFICACIÓN DECIMAL DEWEY
Númeroo de clasificación 613.28
110 ## - PUNTO DE ACCESO PRINCIPAL-NOMBRE DE ENTIDAD CORPORATIVA
9 (RLIN) 40474
Nombre de entidad corporativa o nombre de jurisdicción como elemento inicial Guatemala
Unidad subordinada Ministerio de Agricultura, Ganadería y Alimentación de Guatemala
111 ## - PUNTO DE ACCESO PRINCIPAL-NOMBRE DE CONGRESO
9 (RLIN) 40473
Nombre de congreso o jurisdicción como elemento de entrada Organización de las Naciones Unidas para la Agricultura y la Alimentación (FAO)
245 ## - MENCIÓN DE TÍTULO
Título Proyecto TCP/RLA/0065
Resto del título Informe del taller nacional sobre análisis de la legislación alimentaria en Guatemala y procedimientos para su armonización con las normas del Codex
Mención de responsabilidad, etc. Organización de las Naciones Unidas para la Agricultura y Alimentación (FAO), Ministerio de Agricultura, Ganadería y Alimentación de Guatemala)
260 ## - PUBLICACIÓN, DISTRIBUCIÓN, ETC. (PIE DE IMPRENTA)
Lugar de publicación, distribución, etc. Guatemala
Nombre del editor, distribuidor, etc. FAO
Fecha de publicación, distribución, etc. 2001
300 ## - DESCRIPCIÓN FÍSICA
Extensión [40 p.]
Dimensiones 29 cm.
Material anejo fotocopia y anillado.
500 ## - NOTA GENERAL
Nota general En la port. Fortalecimiento de los comités nacionales del Codex y aplicación de las normas del Codex Alimentarius
650 #0 - PUNTO DE ACCESO ADICIONAL DE MATERIA - TÉRMINO DE MATERIA
9 (RLIN) 18594
Término de materia o nombre geográfico como elemento inicial Alimentación
Subdivisión geográfica América Latina
942 ## - ENTRADA DE ELEMENTOS AGREGADOS (KOHA)
Fuente de clasificaión o esquema Dewey Decimal Classification
Koha [por defecto] tipo de item 1- Monografias
Parte de clasificación prozim
Existencias
Suprimido Perdido Fuente de clasificación o esquema Estropeado Restricciones de uso No para préstamo Código de colección Localización permanente Localización actual Localización en estanter&íacute;as Fecha adquisición Fuente de adquisición Número de inventario Préstamos totales Signatura completa Código de barras Fecha última consulta Fecha del precio de reemplazo Tipo de item de Koha
NULL NULL Dewey Decimal Classification NULL Prestable NULL NULL Biblioteca Centro Regional de Ilobasco Biblioteca Centro Regional de Ilobasco Sala Principal 21/08/2014 CRI LI002921   613.28 ORG inf 1039719 17/11/2016 17/11/2016 1- Monografias
NULL NULL Dewey Decimal Classification NULL Prestable NULL NULL Biblioteca Centro Regional de Ilobasco Biblioteca Centro Regional de Ilobasco Sala Principal 21/08/2014 CRI LI002922   613.28 ORG inf 1039720 17/11/2016 17/11/2016 1- Monografias
NULL NULL Dewey Decimal Classification NULL Prestable NULL NULL Biblioteca Centro Regional de Ilobasco Biblioteca Centro Regional de Ilobasco Sala Principal 21/08/2014 CRI LI002923   613.28 ORG inf 1039721 17/11/2016 17/11/2016 1- Monografias
NULL NULL Dewey Decimal Classification NULL Prestable NULL NULL Biblioteca Centro Regional de Ilobasco Biblioteca Centro Regional de Ilobasco Sala Principal 21/08/2014 CRI LI002924   613.28 ORG inf 1039722 17/11/2016 17/11/2016 1- Monografias
NULL NULL Dewey Decimal Classification NULL Prestable NULL NULL Biblioteca Centro Regional de Ilobasco Biblioteca Centro Regional de Ilobasco Sala Principal 21/08/2014 CRI LI002925   613.28 ORG inf 1039723 17/11/2016 17/11/2016 1- Monografias